000 07680cam a22020654i 4500
001 u49612
003 PE-LiUPU
005 20250813165517.0
008 150706s2004 ck a rb 001 0 spa d
020 _a9588060133
035 _a(Sirsi) i9789588060132
040 _aPE-LiUPU
_bspa
_cPE-LiUPU
_erda
049 _aPRUA
082 0 4 _a628.43
_bR81
_221
100 1 _aRomero Rojas, Jairo Alberto,
_d1942-,
_eautor.
245 1 0 _aTratamiento de aguas residuales :
_bteoría y principios de diseño /
_cJairo Alberto Romero Rojas.
250 _aTercera edición.
264 1 _aBogotá :
_bEscuela Colombiana de Ingeniería,
_c2004.
300 _a1248 páginas :
_bilustraciones ;
_c25 centímetros
336 _atext
_2rdacontent
337 _aunmediated
_2rdamedia
338 _avolume
_2rdacarrier
500 _aPremio Nacional de Ingeniería Diódoro Sánchez.
504 _aBibliografía : páginas 1015-1024.
504 _aÍndice : páginas 1233-1248.
505 0 _aCaracterización de Aguas Residuales -- Muestras de Aguas Residuales -- Análisis de Resultados -- Objetivos Del Tratamiento de Aguas Residuales -- Plantas De Tratamiento De Aguas Residuales -- Cargas Contaminantes -- Costos -- Principios De Diseños, Operación y Mantenimientode APTAR -- Biología de las Aguas Residuales -- Principios Del Tratamiento Biológico -- Reactores y Sus Modelos -- Cribas y Desarenadores -- Igualamiento -- Neutralización -- Flotación -- Aireación -- Lodos Activos -- Zanjones De Oxidación -- Lagunas Aireadas -- Filtros Biológicos -- Biodiscos -- Sedimentación De Aguas Residuales -- Filtración de Aguas Residuales -- Sistemas Anaerobios -- Tratamiento en el Mismo Sitio -- Tratamiento De Lodos -- Tratamiento Acuático -- Tratamiento De Aguas Residuales sobre El Suelo -- Disposición De Efluentes.
526 _aP203
526 _aP200
526 _aSEG65
526 _aSEG64
526 _aSEG63
526 _aSEG62
526 _aSEG61
526 _aSEG60
526 _aSEG59
526 _aSEG58
526 _aSEG57
526 _aSEG56
526 _aSEG55
526 _aSEG54
526 _aSEG53
526 _aSEG52
526 _aSEG51
526 _aSEG50
526 _aSEG49
526 _aSEG48
526 _aSEG47
526 _aSEG46
526 _aSEG24
526 _aSEG23
526 _aSEG22
526 _aSEG21
526 _aSEG20
526 _aSEG19
526 _aSEG18
526 _aSEG17
526 _aSEG16
526 _aSEG14
526 _aSEG13
526 _aSEG12
526 _aSEG11
526 _aSEG10
526 _aSEG09
526 _aSEG06
526 _aSEG05
526 _aSEG04
526 _aSEG03
526 _aSEG02
526 _aSEG68
526 _aSEG66
526 _aSEG45
526 _aSEG25
526 _aSEG01
526 _aP163
526 _aP162
526 _aP161
526 _aP160
526 _aP159
526 _aP158
526 _aP157
526 _aP156
526 _aP155
526 _aP154
526 _aP153
526 _aP152
526 _aP151
526 _aP150
526 _aP149
526 _aP142
526 _aP141
526 _aP140
526 _aP139
526 _aP138
526 _aP137
526 _aP132
526 _aP131
526 _aP130
526 _aP126
526 _aP125
526 _aP124
526 _aP123
526 _aP115
526 _aP122
526 _aP121
526 _aP116
526 _a P114
526 _aP112
526 _aP111
526 _aP104
526 _aP103
526 _aP102
526 _aP101
526 _aP100
526 _aP96
526 _aP95
526 _aP93
526 _aP92
526 _aP91
526 _aP88
526 _aP83
526 _aP82
526 _aP79
526 _aP78
526 _aP75
526 _aP74
526 _aP71
526 _aP69
526 _a P51
526 _aP49
526 _aP48
526 _aP47
526 _aP33
526 _aP31
526 _a P30
526 _aP29
526 _aP27
526 _aP26
526 _aP25
526 _aP24
526 _a P22
526 _aP10
526 _aP09
526 _a P08
526 _aP06
526 _aP05
526 _aP04
526 _aP01
541 _g001-001348;
541 _g0001-42330;
541 _g001-0035385;
541 _g015-0012792;
541 _g015-0013463;
541 _g015-0015487;
541 _g015-001552;
541 _gF001-0000833;
650 0 4 _aAguas residuales
_xTratamiento.
910 _adbm
_bksl
_cksl
_d20180111
910 _agl
_bjv
_cng
_d20110519
910 _armch
_bwelc
_cwelc
_d20190208
942 _2ddc
_cBOOK
949 _a628.3 R81 2013
_wDEWEY
_c1
_iFT02584
_d2018-4-30
_e2018-4-27
_lCCODEBUT1
_mBUT
_n1
_p75.00
_r0
_sY
_tBOOK
_u2016-2-23
_xINGENIERIA
_PP24
_0COMPRA
_o.CIRCNOTE. Este documento es muy costoso
_o.STAFF. Colección General
949 _a628.43 R81
_wDEWEY
_c1
_i63819
_d2016-11-15
_e2016-11-15
_kCHECKEDOUT
_lLOST
_mBUL
_n2
_p109.00
_rM
_sN
_tBOOK
_u2015-7-6
_xINGENIERIA
_PP24
_0COMPRA
_o.STAFF. Colección General
949 _a628.43 R81
_wDEWEY
_c2
_i62956
_d2018-4-22
_e2018-4-22
_f2018-2-12
_g4
_lCCODEBUL1
_mBUL
_n9
_p105.00
_q1
_r0
_sY
_tBOOK
_u2015-7-6
_xINGENIERIA
_PP24
_0COMPRA
_o.STAFF. Colección General
949 _a628.43 R81
_wDEWEY
_c3
_i65019
_d2017-11-28
_e2016-11-24
_f2018-2-8
_g4
_lFIA2
_mBUL
_n7
_p126.00
_q1
_r0
_sY
_tBOOK
_u2015-7-6
_xINGENIERIA
_PP24
_0COMPRA
_o.STAFF. Colección General
949 _a628.43 R81
_wDEWEY
_c4
_i67485
_d2018-4-25
_e2018-4-20
_f2018-2-12
_g4
_lCCODEBUL1
_mBUL
_n21
_p110.00
_q1
_r0
_sY
_tBOOK
_u2015-7-6
_xINGENIERIA
_PP24
_0COMPRA
_o.STAFF. Colección General
949 _a628.43 R81
_wDEWEY
_c5
_i68095
_d2018-4-25
_e2018-4-22
_f2018-2-8
_g4
_lFIA2
_mBUL
_n9
_p136.00
_r0
_sY
_tBOOK
_u2015-7-6
_xINGENIERIA
_PP24
_0COMPRA
_o.STAFF. Colección General
949 _a628.43 R81
_wDEWEY
_c6
_i68252
_d2018-5-17
_e2018-5-2
_f2018-2-12
_g4
_lCCODEBUL1
_mBUL
_n11
_p126.00
_q7
_r0
_sY
_tBOOK
_u2015-7-6
_xINGENIERIA
_PP24
_0COMPRA
_o.STAFF. Colección General
949 _a628.43 R81
_wDEWEY
_c7
_i77944
_d2018-5-24
_e2018-4-23
_f2018-2-12
_g1
_lCCODEBUL1
_mBUL
_n2
_p64.85
_q3
_r0
_sY
_tBOOK
_u2018-1-11
_xINGENIERIA
_PP24
_0COMPRA
_o.STAFF. Colección Ingeniería y Arquitectura
949 _a628.43 R81 2004
_wDEWEY
_c1
_iFJ12625
_lCCODEBUJ1
_mBUJ
_p57.98
_r0
_sY
_tBOOK
_u2019-02-08
_xINGENIERIA
_PP25
_0COMPRA
_o.STAFF. Colección General Juliaca
596 _a1 3
999 _a628.3 R81
_wLC
_c27579
_i78505
_d27579
_f2021-11-9
_g4
_lCCODEBUL1
_mBUL
_p63.36
_q1
_r0
_sY
_tBOOK
_u2018-5-22
_xINGENIERIA
_PP24
_0COMPRA
_1FCOMPRA
_o.STAFF. Colección Ingeniería y Arquitectura
999 _a628.3 R81
_wLC
_c2
_i78506
_d2018-11-20
_f2021-11-9
_g4
_lCCODEBUL1
_mBUL
_p63.36
_q3
_r0
_sY
_tBOOK
_u2018-5-22
_xINGENIERIA
_PP24
_0COMPRA
_1FCOMPRA
_o.STAFF. Colección Ingeniería y Arquitectura
999 _a628.3 R81 2004
_wDEWEY
_c1
_iFJ12625
_d2019-9-24
_e2019-5-29
_f2022-1-26
_g3
_lCCODEBUJ1
_mBUJ
_n4
_p57.98
_q23
_r0
_sY
_tBOOK
_u2019-2-8
_xINGENIERIA
_PP25
_0COMPRA
_1FCOMPR2
_o.STAFF. Colección General Juliaca
980 _81
_gALBERTO SANCHEZ Responsable de Automatización